00000000nam##2200000za#4500
0019.532411
003CaOODSP
00520200331231204
007ta
008150406|1999||||xxc|||||     f|0| 0 fre|d
020 |a0-660-61017-5
040 |aCaOODSP|bfre
041 |aeng
041 |afre
043 |an-cn---
0861 |aBT31-4/5-1999
1101 |aCanada. |bConseil du trésor.
24510|aCommission de l'immigration et du statut de réfugié
260 |aOttawa - Ontario : |bSecrétariat du Conseil du Trésor du Canada |c1999.
300 |aTexte français, 49p. : |bfigures, graphiques, tableaux ; |c28 cm.
4901 |aRapport sur le rendement pour la période se terminant le 31 mars 1999
546 |aBilingue
563 |aCouverture souple
590 |a99-43|b1999-10-29
69107|aBudget|2gcpds
69107|aGestion financière|2gcpds
69107|aProductivité|2gcpds
7760#|tImmigration and Refugee Board, performance report for the period ending March 31, 1999 |w(CaOODSP)9.569208
7760#|tCommission de l'immigration et du statut de réfugié, rapport sur le rendement pour la période se terminant le 31 mars 1999 |w(CaOODSP)9.600442
791 |tImmigration and Refugee Board |eeng|w(CaOODSP)9.532410
830#0|aRapport sur le rendement pour la période se terminant le 31 mars 1999.|w(CaOODSP)9.508977